Modelovanie separácie aromátov zo zmesi po reformovaní ľahkých ropných frakcií
Salvato in:
| Autore principale: | |
|---|---|
| Natura: | Software Libro |
| Lingua: | slovacco |
| Pubblicazione: |
Bratislava
STU FCHPT
2007
|
| Accesso online: | Visualizza in OPAC |
| Tags: |
Nessun Tag, puoi essere il primo ad aggiungerne!!
|
MARC
| LEADER | 00000nam a2200000 a 4500 | ||
|---|---|---|---|
| 005 | 20260127134257.0 | ||
| 007 | co ugu | ||
| 008 | 060607 2006 xo 000 0 slo d | ||
| 035 | |a vtls009084957 | ||
| 039 | 9 | |y 200708031010 |z mschk03 | |
| 040 | |a STUSCHK1 |b slo |c STUSCHK1 |e AACR2 | ||
| 100 | 1 | |a Starigazda, Pavol | |
| 245 | 1 | |a Modelovanie separácie aromátov zo zmesi po reformovaní ľahkých ropných frakcií |c Pavol Starigazda | |
| 260 | |a Bratislava |b STU FCHPT |c 2007 | ||
| 500 | |a Obháj.: 6.6. 2007 | ||
| 500 | |a Špec.: bezpečnostné inžinierstvo | ||
| 500 | |a Ústav chemického a environmentálneho inžinierstva | ||
| 500 | |a Diplomová práca na CD-ROMe | ||
| 910 | |a SCHK95 | ||
| 999 | |c 8544 |d 8544 | ||